[Event "Collado Villaoba op-B 34th"]
[Site "Collado Villalba"]
[Date "2017.08.28"]
[Round "7.12"]
[White "Benito Alba, Eladio"]
[Black "Fernandez Rios, Jose Francisco"]
[Result "0-1"]
[WhiteElo "1619"]
[BlackElo "1771"]
[PlyCount "68"]
[EventDate "2017.08.22"]
[EventType "swiss"]
[EventRounds "9"]
[EventCountry "ESP"]

1. d4 Nf6 2. c4 e6 3. Nc3 Bb4 4. Bg5 h6 5. Bxf6 Qxf6 6. Nf3 Bxc3+ 7. bxc3 b6 8.
e3 Nc6 9. e4 Ba6 10. Bd3 O-O 11. O-O Na5 12. Qe2 d6 13. e5 Qe7 14. d5 exd5 15.
exd6 Qxe2 16. Bxe2 cxd6 17. Nd2 Rac8 18. Bf3 Nxc4 19. Nxc4 Bxc4 20. Rfd1 Rc5
21. a3 Rfc8 22. Rd4 Bb3 23. Rc1 Rxc3 24. Rxc3 Rxc3 25. h3 Rc5 26. Kf1 Kf8 27.
Ke1 Ke7 28. Rd3 Bc4 29. Re3+ Kf6 30. Re8 d4 31. Rd8 Ke7 32. Ra8 Ra5 33. Bc6
Rxa3 34. Re8+ Kf6 0-1

[Event "Collado Villaoba op-B 34th"]
[Site "Collado Villalba"]
[Date "2017.08.28"]
[Round "7.13"]
[White "Cujba, Anca-Claudia"]
[Black "Alameda Arellano, Cristeto"]
[Result "1-0"]
[WhiteElo "1664"]
[BlackElo "1577"]
[PlyCount "34"]
[EventDate "2017.08.22"]
[EventType "swiss"]
[EventRounds "9"]
[EventCountry "ESP"]

1. e4 c6 2. d4 d5 3. e5 c5 4. dxc5 e6 5. Nf3 Bxc5 6. Bd3 Ne7 7. O-O O-O 8. Re1
Nbc6 9. Bxh7+ Kxh7 10. Ng5+ Kg6 11. Qg4 Bxf2+ 12. Kxf2 f5 13. Qg3 Qb6+ 14. Kf1
f4 15. Qg4 Qb5+ 16. Kg1 Qc5+ 17. Kh1 Qf2 1-0

[Event "Collado Villaoba op-B 34th"]
[Site "Collado Villalba"]
[Date "2017.08.28"]
[Round "7.14"]
[White "Vazquez Rodriguez, Francisco"]
[Black "Suarez Prieto, Leopoldo"]
[Result "1/2-1/2"]
[WhiteElo "1579"]
[BlackElo "1648"]
[PlyCount "129"]
[EventDate "2017.08.22"]
[EventType "swiss"]
[EventRounds "9"]
[EventCountry "ESP"]

1. e4 e5 2. Nf3 Nc6 3. Bb5 d6 4. d4 Bd7 5. Nc3 exd4 6. Nxd4 Nf6 7. O-O Be7 8.
Re1 Ne5 9. Bxd7+ Qxd7 10. Bf4 c6 11. Nf5 O-O-O 12. Bxe5 dxe5 13. Qxd7+ Rxd7 14.
Nxe7+ Rxe7 15. Rad1 Kc7 16. f3 g5 17. Kf2 h5 18. Rg1 g4 19. Ke2 h4 20. fxg4
Nxg4 21. h3 Nh6 22. Rd2 f5 23. Rf1 f4 24. Rfd1 Rg8 25. Rg1 Reg7 26. Kf2 Nf7 27.
Rd3 Nd6 28. b3 b5 29. b4 a5 30. bxa5 b4 31. Na4 Nxe4+ 32. Kf3 Ng5+ 33. Kf2 Ne4+
34. Kf3 Nd6 35. Nc5 Rg3+ 36. Kf2 e4 37. Rxg3 hxg3+ 38. Ke2 Re8 39. Rf1 Re5 40.
Nb3 Rf5 41. h4 Nb5 42. Kd2 Rd5+ 43. Kc1 Nc3 44. Kb2 Rd1 45. Rxd1 Nxd1+ 46. Kc1
Ne3 47. h5 Ng4 48. Nd4 Kb7 49. Kd2 c5 50. Ne6 f3 51. Nf4 e3+ 52. Ke1 Ka6 53.
gxf3 Ne5 54. Ke2 Kxa5 55. h6 Ng6 56. Ng2 Ka4 57. Kxe3 Ka3 58. Kd3 Kxa2 59. Kc4
Kb2 60. Kxc5 Kxc2 61. Kxb4 Kd3 62. f4 Ke4 63. Kc3 Kf3 64. f5 Nh8 65. Nh4+
1/2-1/2

[Event "Collado Villaoba op-B 34th"]
[Site "Collado Villalba"]
[Date "2017.08.28"]
[Round "7.15"]
[White "Barranco Martinez, Gabriel"]
[Black "Olmedo Aznar, Eduardo"]
[Result "1/2-1/2"]
[WhiteElo "1640"]
[BlackElo "1519"]
[PlyCount "71"]
[EventDate "2017.08.22"]
[EventType "swiss"]
[EventRounds "9"]
[EventCountry "ESP"]

1. e4 Nf6 2. Nc3 d5 3. exd5 Nxd5 4. Qf3 e6 5. Bc4 Nb6 6. Bb3 Nc6 7. d3 g6 8.
Nge2 Bg7 9. Bd2 O-O 10. O-O-O Na5 11. h4 Nxb3+ 12. axb3 Qf6 13. Qg3 Qf5 14. Kb1
e5 15. Ne4 Nd5 16. N2c3 Nf6 17. Nxf6+ Qxf6 18. Rde1 Qf5 19. f4 exf4 20. Bxf4 c6
21. Bd6 Rd8 22. Rhf1 Qg4 23. Re7 Qxg3 24. Bxg3 f5 25. Rfe1 Bf6 26. Bc7 Bxe7 27.
Bxd8 Bxd8 28. Re8+ Kf7 29. Rxd8 Ke7 30. Rh8 h5 31. Ne2 Kf6 32. g3 b6 33. Rd8
Ke7 34. Rg8 Kf7 35. Rd8 Ke7 36. Rg8 1/2-1/2

[Event "Collado Villaoba op-B 34th"]
[Site "Collado Villalba"]
[Date "2017.08.28"]
[Round "7.16"]
[White "Garcia Prada, Alejandro"]
[Black "Carrasco Coquillat, Alvaro"]
[Result "0-1"]
[WhiteElo "1505"]
[BlackElo "1639"]
[PlyCount "40"]
[EventDate "2017.08.22"]
[EventType "swiss"]
[EventRounds "9"]
[EventCountry "ESP"]

1. e4 g6 2. d4 Bg7 3. Nc3 d6 4. Be3 Nf6 5. Nf3 O-O 6. Qd2 Ng4 7. Bg5 f6 8. Bh4
Nd7 9. h3 Nh6 10. Bc4+ Nf7 11. Be6 Nb6 12. Bxc8 Rxc8 13. O-O-O Bh6 14. Ng5 fxg5
15. Bg3 c5 16. Kb1 cxd4 17. Qxd4 Bg7 18. Qe3 Bxc3 19. bxc3 Nc4 20. Qd3 Qb6+ 0-1

[Event "Collado Villaoba op-B 34th"]
[Site "Collado Villalba"]
[Date "2017.08.28"]
[Round "7.17"]
[White "Rodriguez Gomez, Jose Antonio"]
[Black "Osorio Ramos, Francisco"]
[Result "0-1"]
[WhiteElo "1585"]
[BlackElo "1845"]
[PlyCount "147"]
[EventDate "2017.08.22"]
[EventType "swiss"]
[EventRounds "9"]
[EventCountry "ESP"]

1. e4 c5 2. c3 Nf6 3. d3 d6 4. Nf3 Qc7 5. Bg5 Nbd7 6. Nbd2 g6 7. Be2 Bg7 8. Bf4
O-O 9. O-O Nh5 10. Be3 b6 11. d4 Bb7 12. Rc1 Nhf6 13. d5 Ng4 14. Bf4 Nge5 15.
Nxe5 Nxe5 16. c4 Bc8 17. b3 Bd7 18. Nf3 Nxf3+ 19. Bxf3 b5 20. cxb5 Bxb5 21. Be2
Qa5 22. Bxb5 Qxb5 23. Qc2 Rfc8 24. Qc4 Qa5 25. Rc2 Rab8 26. Bg5 Kf8 27. Bd2 Qb6
28. Bc3 a5 29. Bxg7+ Kxg7 30. g3 Qb4 31. Rfc1 Qxc4 32. Rxc4 Rb4 33. Kg2 g5 34.
f4 h6 35. Kf3 Rcb8 36. Rxb4 axb4 37. Kg4 gxf4 38. gxf4 Kf6 39. Re1 Rg8+ 40. Kf3
e6 41. Re2 Rg1 42. f5 Kg5 43. Kf2 Rc1 44. h3 Kf4 45. f6 c4 46. bxc4 Rxc4 47.
Re1 Rc2+ 48. Kg1 Rxa2 49. Rc1 Ra7 50. Rc6 Rd7 51. Rb6 Kxe4 52. Rxb4+ Kf5 53.
Rh4 Kg5 54. Rg4+ Kxf6 55. Kf2 Ra7 56. Rh4 Kg6 57. Rc4 Kh7 58. Rb4 Ra5 59. Rb7
Kg6 60. Ke3 Rxd5 61. Rb1 f5 62. Rg1+ Kf6 63. Rg8 e5 64. Ke2 e4 65. Rf8+ Ke5 66.
Rf7 Rd3 67. Re7+ Kd4 68. Re6 Rxh3 69. Rxd6+ Ke5 70. Rd8 Rh2+ 71. Ke1 f4 72. Kf1
f3 73. Kg1 Rg2+ 74. Kf1 0-1

[Event "Collado Villaoba op-B 34th"]
[Site "Collado Villalba"]
[Date "2017.08.28"]
[Round "7.19"]
[White "Herrero Corada, Jose Ignacio"]
[Black "Salgado Duarte, Pablo"]
[Result "1-0"]
[WhiteElo "1828"]
[BlackElo "1583"]
[PlyCount "119"]
[EventDate "2017.08.22"]
[EventType "swiss"]
[EventRounds "9"]
[EventCountry "ESP"]

1. e4 e5 2. Nf3 Nc6 3. Bb5 a6 4. Bxc6 dxc6 5. O-O Bd6 6. d4 Bg4 7. dxe5 Bxf3 8.
Qxf3 Bxe5 9. c3 Nf6 10. Nd2 O-O 11. Nc4 Qe7 12. Nxe5 Qxe5 13. Re1 Rac8 14. Bf4
Qe6 15. Qe2 Rfe8 16. f3 Nh5 17. Be3 Rcd8 18. b3 Rd7 19. Rad1 Red8 20. Bg5 Nf6
21. Rxd7 Rxd7 22. Rd1 h6 23. Bh4 Ne8 24. Rd3 Rxd3 25. Qxd3 Qd6 26. Qd4 c5 27.
Qd5 Qxd5 28. exd5 f6 29. Bg3 Nd6 30. Kf1 Kf7 31. Ke2 g5 32. Kd3 f5 33. Be5 h5
34. c4 Ke7 35. Kc3 Kd7 36. b4 Nf7 37. f4 g4 38. bxc5 c6 39. d6 Nd8 40. Kb4 Nf7
41. Bf6 b6 42. cxb6 Nxd6 43. c5 Ne4 44. Be5 Kc8 45. Kc4 Nd2+ 46. Kd4 Kb7 47.
Bf6 Nf1 48. h3 Ng3 49. Ke5 Nf1 50. Kd4 Ng3 51. Bh4 Ne4 52. Be1 Kb8 53. Bb4 Kb7
54. Ke5 gxh3 55. gxh3 Nf2 56. Kxf5 Nxh3 57. Be1 Ng1 58. Ke4 Nh3 59. Bh4 Ng1 60.
f5 1-0

[Event "Collado Villaoba op-B 34th"]
[Site "Collado Villalba"]
[Date "2017.08.28"]
[Round "7.20"]
[White "Rodriguez Del Moral, Angel"]
[Black "Fernandez Garcia, Emiliano"]
[Result "1-0"]
[WhiteElo "1769"]
[BlackElo "1537"]
[PlyCount "89"]
[EventDate "2017.08.22"]
[EventType "swiss"]
[EventRounds "9"]
[EventCountry "ESP"]

1. d4 Nf6 2. Nf3 e6 3. Bf4 b6 4. e3 Bb7 5. Bd3 c5 6. c3 d5 7. Nbd2 Bd6 8. Ne5
c4 9. Bc2 Nc6 10. Ndf3 h6 11. h3 Qc7 12. g4 Ne4 13. Qe2 b5 14. h4 Nxe5 15. dxe5
Be7 16. Nd4 a6 17. f3 g5 18. Bh2 Nc5 19. h5 Bf8 20. a4 Bg7 21. f4 Ne4 22. axb5
axb5 23. Rxa8+ Bxa8 24. Nxb5 Qb6 25. Bxe4 Qxb5 26. Bf3 Bc6 27. O-O Kd7 28. f5
Rb8 29. Rf2 Ra8 30. Qd2 Ra2 31. Kg2 Bf8 32. fxe6+ Kxe6 33. Qc2 Ke7 34. e6 Be8
35. Qb1 Ra6 36. exf7 Bxf7 37. Be5 Kd7 38. Qf5+ Ke8 39. Be2 Qb7 40. Bd4 Ra2 41.
Bf3 Ra6 42. e4 dxe4 43. Bxe4 Qc7 44. Qb5+ Kd8 45. Qxa6 1-0

[Event "Collado Villaoba op-B 34th"]
[Site "Collado Villalba"]
[Date "2017.08.28"]
[Round "7.21"]
[White "Marivela Santos, Juan Carlos"]
[Black "Orta Vazquez, Mario"]
[Result "1-0"]
[WhiteElo "1716"]
[BlackElo "1424"]
[PlyCount "51"]
[EventDate "2017.08.22"]
[EventType "swiss"]
[EventRounds "9"]
[EventCountry "ESP"]

1. c4 Nf6 2. Nc3 e6 3. Nf3 b6 4. e4 Bb7 5. e5 Ne4 6. Nxe4 Bxe4 7. Be2 Nc6 8.
O-O Bxf3 9. Bxf3 Rc8 10. d4 Be7 11. Re1 Bg5 12. d5 Bxc1 13. Rxc1 Ne7 14. dxe6
fxe6 15. Qa4 a5 16. c5 bxc5 17. Rxc5 O-O 18. Rxa5 Ng6 19. Ra7 Rb8 20. b3 Rf4
21. Re4 Qg5 22. Rxf4 Nxf4 23. g3 Rf8 24. Ra8 Nh3+ 25. Kg2 Nf4+ 26. Qxf4 1-0

[Event "Collado Villaoba op-B 34th"]
[Site "Collado Villalba"]
[Date "2017.08.28"]
[Round "7.22"]
[White "Mejias Gonzalez, Pedro"]
[Black "Fernandez Martinez, Luis"]
[Result "0-1"]
[WhiteElo "1541"]
[BlackElo "1634"]
[PlyCount "70"]
[EventDate "2017.08.22"]
[EventType "swiss"]
[EventRounds "9"]
[EventCountry "ESP"]

1. e4 e5 2. Nf3 Nc6 3. d3 Be7 4. g3 d6 5. Bg2 Be6 6. O-O Qd7 7. Be3 h6 8. Qd2
Nf6 9. Nc3 Ng4 10. Nd5 Nxe3 11. Nxe3 Bh3 12. c4 g5 13. b4 Bxg2 14. Nxg2 g4 15.
Nfh4 Bg5 16. f4 gxf3 17. Qf2 fxg2 18. Kxg2 Nd4 19. Nf5 Nxf5 20. exf5 Bf6 21. d4
Qc6+ 22. Qf3 Qxf3+ 23. Kxf3 O-O-O 24. dxe5 Bxe5 25. Rad1 h5 26. b5 b6 27. a4
Rhg8 28. Rf2 Rg4 29. Rc1 Rdg8 30. Re2 f6 31. a5 h4 32. Re4 Rxe4 33. Kxe4 Rg4+
34. Kd5 Kd7 35. gxh4 Rd4# 0-1

[Event "Collado Villaoba op-B 34th"]
[Site "Collado Villalba"]
[Date "2017.08.28"]
[Round "7.23"]
[White "Guerra Pantojo, Daniel"]
[Black "Perez Suchan, Saul Mario"]
[Result "0-1"]
[WhiteElo "1390"]
[BlackElo "1668"]
[PlyCount "88"]
[EventDate "2017.08.22"]
[EventType "swiss"]
[EventRounds "9"]
[EventCountry "ESP"]

1. e4 c6 2. d4 d5 3. Nc3 dxe4 4. Nxe4 Bf5 5. Ng3 Bg6 6. Bc4 e6 7. N1e2 Bd6 8.
Bf4 Qc7 9. Bxd6 Qxd6 10. c3 Nf6 11. O-O Nbd7 12. Re1 O-O 13. Qd2 Ne4 14. Nxe4
Bxe4 15. Ng3 Bd5 16. Bd3 c5 17. dxc5 Nxc5 18. c4 Nxd3 19. Qxd3 Qa6 20. b3 Bc6
21. a4 Qb6 22. Rab1 Rad8 23. Qc3 Rd4 24. a5 Qc5 25. Qe3 Qd6 26. Qe2 Rd8 27. Rb2
h6 28. h3 Qb4 29. Qe5 Qxe1+ 30. Qxe1 Rd1 31. Qxd1 Rxd1+ 32. Kh2 Kf8 33. Ne4
Bxe4 34. Re2 Bc6 35. Kg3 Rb1 36. Re3 Ke7 37. Kh4 Bxg2 38. Rg3 Be4 39. Rxg7 Bg6
40. Rg8 Rxb3 41. Rc8 a6 42. Rc7+ Kf6 43. Rd7 Bf5 44. Rd4 Rxh3# 0-1

[Event "Collado Villaoba op-B 34th"]
[Site "Collado Villalba"]
[Date "2017.08.28"]
[Round "7.24"]
[White "Aguilera Alonso, Hector"]
[Black "Llamas Martinez, Pablo"]
[Result "1-0"]
[WhiteElo "1574"]
[BlackElo "1389"]
[PlyCount "41"]
[EventDate "2017.08.22"]
[EventType "swiss"]
[EventRounds "9"]
[EventCountry "ESP"]

1. e4 c5 2. Nf3 Nc6 3. Bc4 e5 4. c3 h6 5. d4 cxd4 6. cxd4 exd4 7. Nxd4 Bc5 8.
Be3 Qf6 9. Nxc6 Bxe3 10. fxe3 Qxc6 11. Bxf7+ Kxf7 12. O-O+ Ke8 13. Qh5+ Kd8 14.
Rf8+ Kc7 15. Qe5+ Kb6 16. Nc3 Ne7 17. Rxh8 Ng6 18. Qd4+ Ka6 19. Nd5 Ka5 20. b4+
Ka6 21. a4 1-0

[Event "Collado Villaoba op-B 34th"]
[Site "Collado Villalba"]
[Date "2017.08.28"]
[Round "7.26"]
[White "Garcia Lopez, Fernando"]
[Black "Olmedo Alvarez, Jesus"]
[Result "1-0"]
[WhiteElo "1558"]
[BlackElo "1361"]
[PlyCount "55"]
[EventDate "2017.08.22"]
[EventType "swiss"]
[EventRounds "9"]
[EventCountry "ESP"]

1. e4 e6 2. d4 d5 3. Nc3 Nf6 4. e5 Nfd7 5. f4 c5 6. Nf3 Nc6 7. Be3 Be7 8. Qd2
f6 9. Bb5 a6 10. Bxc6 bxc6 11. exf6 Nxf6 12. dxc5 O-O 13. O-O Rb8 14. Rab1 a5
15. Ne5 Qe8 16. Rf3 Bb7 17. a3 Rd8 18. Qf2 Nd7 19. b4 Nxe5 20. fxe5 Rxf3 21.
gxf3 Qh5 22. Ne2 Bh4 23. Qg2 Rf8 24. f4 Ba6 25. Nd4 Bc4 26. Nxe6 Rf7 27. bxa5
d4 28. Rb8+ 1-0

[Event "Collado Villaoba op-B 34th"]
[Site "Collado Villalba"]
[Date "2017.08.28"]
[Round "7.27"]
[White "Ramirez Ocaña, Eneas"]
[Black "Martin Garcia, Francisco Javier"]
[Result "1/2-1/2"]
[WhiteElo "1385"]
[BlackElo "1551"]
[PlyCount "193"]
[EventDate "2017.08.22"]
[EventType "swiss"]
[EventRounds "9"]
[EventCountry "ESP"]

1. e4 c5 2. Nf3 d6 3. d4 cxd4 4. Nxd4 Nf6 5. Nc3 a6 6. Bg5 e6 7. f4 Be7 8. Qf3
Qc7 9. O-O-O Nbd7 10. g4 b5 11. Bd3 Bb7 12. Rhe1 Nc5 13. h3 b4 14. Nb1 Rc8 15.
Nd2 Nxd3+ 16. Qxd3 O-O 17. Bxf6 Bxf6 18. N2b3 Rfd8 19. Qe2 d5 20. e5 Be7 21. g5
Bc5 22. Nxc5 Qxc5 23. Rd2 Qc4 24. Kb1 Rc7 25. h4 Qxe2 26. Rexe2 Rdc8 27. h5 Rc5
28. g6 h6 29. gxf7+ Kxf7 30. Rg2 Rg8 31. Rg6 Bc8 32. b3 Rc3 33. Rd3 Rc7 34. Kb2
Rf8 35. Rf3 Re7 36. Nc6 Rb7 37. Nd4 Re8 38. Rfg3 Kf8 39. Kc1 Rc7 40. Kd2 Rf7
41. Ke3 Rc7 42. Kd2 Ree7 43. c3 bxc3+ 44. Rxc3 Rxc3 45. Kxc3 Kf7 46. Kb2 Rc7
47. a4 Rb7 48. Nc6 Kf8 49. Nd8 Re7 50. Nc6 Rf7 51. Nd8 Rxf4 52. Nxe6+ Bxe6 53.
Rxe6 Rf5 54. Kc3 Rxh5 55. Kd4 Rh3 56. Kxd5 Rxb3 57. Rxa6 Rd3+ 58. Ke6 g5 59.
Kf5 Rf3+ 60. Kg6 Rh3 61. Rf6+ Ke7 62. Kf5 Rf3+ 63. Kg4 Ra3 64. Rxh6 Rxa4+ 65.
Kxg5 Ra1 66. Rf6 Rg1+ 67. Kf5 Rf1+ 68. Kg6 Re1 69. Kf5 Re2 70. Re6+ Kf7 71.
Rf6+ Kg7 72. Ke6 Re1 73. Kf5 Rf1+ 74. Ke6 Re1 75. Kf5 Re2 76. Rg6+ Kf7 77. Rf6+
Ke7 78. Re6+ Kd7 79. Rd6+ Kc7 80. Rd3 Rf2+ 81. Ke6 Rf4 82. Ke7 Rh4 83. Rd7+ Kc8
84. Rd8+ Kc7 85. Rd7+ Kc8 86. Rd8+ Kc7 87. Rf8 Re4 88. e6 Re1 89. Rf6 Rh1 90.
Rg6 Rf1 91. Rf6 Rh1 92. Kf7 Rh7+ 93. Kg6 Rh1 94. Kg7 Kd6 95. Kg6 Ke7 96. Rf7+
Kxe6 97. Rf6+ 1/2-1/2

[Event "Collado Villaoba op-B 34th"]
[Site "Collado Villalba"]
[Date "2017.08.28"]
[Round "7.28"]
[White "Rapaport, Andres Natalio"]
[Black "Cebrian Alfaya, Jorge"]
[Result "0-1"]
[WhiteElo "1362"]
[BlackElo "1527"]
[PlyCount "70"]
[EventDate "2017.08.22"]
[EventType "swiss"]
[EventRounds "9"]
[EventCountry "ESP"]

1. d4 e6 2. Bf4 f5 3. Nf3 Nf6 4. e3 c6 5. Nbd2 d5 6. c3 Be7 7. Bd3 O-O 8. O-O
Nbd7 9. Ne5 Nxe5 10. dxe5 Ne4 11. Nf3 g5 12. Bg3 f4 13. exf4 gxf4 14. Bxf4 Rxf4
15. g3 Rf7 16. Bxe4 dxe4 17. Qxd8+ Bxd8 18. Nd2 Bc7 19. f4 exf3 20. Nxf3 Rf5
21. Rad1 Rf8 22. Kg2 b6 23. Rfe1 c5 24. Ng5 Bb7+ 25. Kg1 Bd5 26. Nh3 Rad8 27.
Nf4 c4 28. b3 b5 29. bxc4 Bb6+ 30. Kf1 Bxc4+ 31. Kg2 Bxa2 32. Rd6 Rxd6 33. exd6
Rd8 34. Rd1 Rd7 35. Nxe6 Bxe6 0-1

[Event "Collado Villaoba op-B 34th"]
[Site "Collado Villalba"]
[Date "2017.08.28"]
[Round "7.29"]
[White "Garcia Prada, Guillermo"]
[Black "Criado Herrero, Luis"]
[Result "1-0"]
[WhiteElo "1375"]
[BlackElo "1526"]
[PlyCount "33"]
[EventDate "2017.08.22"]
[EventType "swiss"]
[EventRounds "9"]
[EventCountry "ESP"]

1. e4 c5 2. Nf3 d6 3. d4 cxd4 4. c3 Nf6 5. Bd3 Bg4 6. O-O Nc6 7. Re1 a6 8. Bg5
Ne5 9. Bxf6 exf6 10. Be2 Nxf3+ 11. Bxf3 Bxf3 12. Qxf3 dxc3 13. Nxc3 Be7 14.
Rac1 O-O 15. Nd5 Rc8 16. Rxc8 Qxc8 17. Nxe7+ 1-0

[Event "Collado Villaoba op-B 34th"]
[Site "Collado Villalba"]
[Date "2017.08.28"]
[Round "7.30"]
[White "Martinez Martinez, Antonio"]
[Black "Olmedo Alvarez, Marcos"]
[Result "1-0"]
[WhiteElo "1525"]
[BlackElo "1466"]
[PlyCount "93"]
[EventDate "2017.08.22"]
[EventType "swiss"]
[EventRounds "9"]
[EventCountry "ESP"]

1. e4 c5 2. c4 Nc6 3. Nf3 g6 4. d3 Bg7 5. a3 Nf6 6. Nc3 O-O 7. g3 d6 8. h3 Be6
9. Bg2 a6 10. O-O Qd7 11. Be3 Bxh3 12. Ng5 Bxg2 13. Kxg2 Ne5 14. f3 Bh6 15. Qe2
Kg7 16. Rh1 Bxg5 17. Bxg5 h5 18. Qe3 Ng8 19. Rh2 f6 20. Bf4 g5 21. Bxe5 dxe5
22. Rxh5 Kf7 23. Rh7+ Ke8 24. Rah1 Kd8 25. b3 Qe8 26. Nd5 Qg6 27. Qd2 a5 28.
Qf2 Rc8 29. Qd2 Ra8 30. Qf2 Rc8 31. Qd2 Ra8 32. b4 cxb4 33. axb4 a4 34. Qf2 Rf7
35. Qb6+ Ke8 36. Nc7+ Kf8 37. Rxf7+ Kxf7 38. Qe6+ Kg7 39. Nxa8 a3 40. Qf5 Qh6
41. Rxh6 Nxh6 42. Qd7 g4 43. Qa4 f5 44. exf5 gxf3+ 45. Kxf3 Nxf5 46. Ke4 Nxg3+
47. Kxe5 1-0

[Event "Collado Villaoba op-B 34th"]
[Site "Collado Villalba"]
[Date "2017.08.28"]
[Round "7.32"]
[White "Andrade Sandoval, Marian"]
[Black "Perez Rodrigo, Alicia"]
[Result "0-1"]
[WhiteElo "1222"]
[BlackElo "1377"]
[PlyCount "58"]
[EventDate "2017.08.22"]
[EventType "swiss"]
[EventRounds "9"]
[EventCountry "ESP"]

1. d4 Nf6 2. Nf3 d5 3. Bf4 e6 4. e3 Be7 5. c4 c5 6. Nc3 Nbd7 7. Bd3 dxc4 8.
Bxc4 O-O 9. Qc2 Nh5 10. Bg3 b6 11. Ne4 Bb7 12. h4 Nxg3 13. fxg3 Nf6 14. Rd1
Bxe4 15. Qf2 Qc7 16. Ne5 cxd4 17. exd4 Bb4+ 18. Kf1 Ng4 19. Qe2 Nxe5 20. dxe5
Qxe5 21. Qf2 Rad8 22. Rc1 Rd2 23. Be2 Qxb2 24. Re1 e5 25. Qe3 f5 26. Bc4+ Kh8
27. Be2 f4 28. Qxe4 fxg3+ 29. Kg1 Bc5+ 0-1

[Event "Collado Villaoba op-B 34th"]
[Site "Collado Villalba"]
[Date "2017.08.28"]
[Round "7.34"]
[White "Martin Rodriguez, Jose Luis"]
[Black "Tudoroiu, Adrian Eugeni"]
[Result "1-0"]
[WhiteElo "1291"]
[BlackElo "1101"]
[PlyCount "77"]
[EventDate "2017.08.22"]
[EventType "swiss"]
[EventRounds "9"]
[EventCountry "ESP"]

1. c4 Nf6 2. Nc3 g6 3. Nf3 d6 4. g3 Bg7 5. Bg2 O-O 6. O-O c5 7. d3 a6 8. Rb1
Re8 9. Bd2 e5 10. Bg5 Nbd7 11. Nd2 h6 12. Bxf6 Bxf6 13. Nde4 Be7 14. a3 f5 15.
Nd2 Bf6 16. e3 Re6 17. Bd5 Nb6 18. Bxe6+ Bxe6 19. f4 Qd7 20. Qf3 Kf7 21. Rf2 h5
22. Nd5 Qc6 23. Nxf6 Qxf3 24. Nxf3 Kxf6 25. h4 e4 26. dxe4 fxe4 27. Nd2 Nxc4
28. Nxe4+ Ke7 29. Re2 Bf5 30. Rc1 Bxe4 31. Rxc4 d5 32. Rxc5 Kd6 33. Rc1 b5 34.
Rd2 a5 35. Rd4 Ke6 36. Rc5 Rb8 37. Rd1 Kd6 38. Rdc1 Rb6 39. Rc7 1-0

[Event "Collado Villaoba op-B 34th"]
[Site "Collado Villalba"]
[Date "2017.08.29"]
[Round "8.1"]
[White "Menguez Rodriguez, Felipe"]
[Black "Khudov, Oleksandr"]
[Result "0-1"]
[WhiteElo "1736"]
[BlackElo "1838"]
[PlyCount "78"]
[EventDate "2017.08.22"]
[EventType "swiss"]
[EventRounds "9"]
[EventCountry "ESP"]

1. e4 e6 2. d4 d5 3. e5 c5 4. c3 Nc6 5. Nf3 Bd7 6. Be2 Nge7 7. Na3 cxd4 8. cxd4
Nf5 9. Nc2 Qb6 10. O-O Rc8 11. b3 Nb4 12. Nxb4 Bxb4 13. Be3 O-O 14. Bd3 Bb5 15.
Bxb5 Qxb5 16. Rc1 Ba3 17. Rc2 Rc6 18. Rxc6 bxc6 19. Bc1 Bb4 20. Bd2 a5 21. g4
Ne7 22. Bxb4 axb4 23. Qc2 Ra8 24. Rc1 h6 25. Kg2 Ra6 26. Kg3 Qa5 27. Ra1 Nc8
28. Ne1 Na7 29. Nd3 Qb5 30. Nc5 Ra5 31. h4 Qb6 32. h5 Nb5 33. Nd7 Qc7 34. Qd2
Qxd7 35. g5 hxg5 36. Qxg5 Nxd4 37. Kf4 Nf5 38. h6 Qe7 39. Qg2 Qh4+ 0-1

[Event "Collado Villaoba op-B 34th"]
[Site "Collado Villalba"]
[Date "2017.08.29"]
[Round "8.2"]
[White "Carrasco Coquillat, Jorge"]
[Black "Cuellar Gutierrez, Raul"]
[Result "0-1"]
[WhiteElo "1654"]
[BlackElo "1878"]
[PlyCount "158"]
[EventDate "2017.08.22"]
[EventType "swiss"]
[EventRounds "9"]
[EventCountry "ESP"]

1. c4 Nf6 2. Nc3 g6 3. g3 Bg7 4. Bg2 c6 5. Nf3 O-O 6. O-O d5 7. cxd5 cxd5 8. d4
Nc6 9. e3 Bf5 10. Bd2 Qd7 11. a3 Bh3 12. Rc1 Bxg2 13. Kxg2 Rfe8 14. b4 a6 15.
Qb3 Rad8 16. Rfd1 h6 17. Rc2 Qg4 18. Ra2 e6 19. Rc1 Ne4 20. Nxe4 dxe4 21. Ne1
h5 22. Qd1 Qf5 23. Qe2 h4 24. a4 hxg3 25. fxg3 Re7 26. b5 Nb8 27. Rac2 Qd5 28.
Qc4 Qf5 29. Qb4 Bf8 30. Qb3 Red7 31. Ba5 Re8 32. Rc7 Rxc7 33. Rxc7 Nc6 34. Bc3
axb5 35. Qxb5 Qxb5 36. axb5 Nd8 37. Rd7 b6 38. Nc2 Be7 39. Nb4 e5 40. Nc6 Nxc6
41. bxc6 Kf8 42. d5 Rc8 43. Bxe5 Ke8 44. d6 Bd8 45. Ra7 Rxc6 46. Ra4 f5 47. Rd4
Kd7 48. h3 Rc2+ 49. Kf1 Rc5 50. Bg7 Ke6 51. Rd2 Rd5 52. Rxd5 Kxd5 53. Bf8 Ke6
54. Ke2 Bf6 55. Kd2 Be5 56. g4 fxg4 57. hxg4 Bxd6 58. Bg7 Be5 59. Bf8 Kf6 60.
Bh6 Ke6 61. Bf8 Kd5 62. Bb4 Kc4 63. Ba3 b5 64. Kc2 b4 65. Bc1 b3+ 66. Kb1 Kd3
67. g5 b2 68. Bxb2 Bxb2 69. Kxb2 Kxe3 70. Kc3 Kf2 71. Kd4 e3 72. Ke5 e2 73. Kf6
e1=Q 74. Kxg6 Qe8+ 75. Kh7 Qf7+ 76. Kh6 Qg8 77. g6 Kf3 78. g7 Kf4 79. Kg6 Ke5
0-1

[Event "Collado Villaoba op-B 34th"]
[Site "Collado Villalba"]
[Date "2017.08.29"]
[Round "8.3"]
[White "Gonzalez Pabollet, Jesus Maria"]
[Black "Tirado Parra, Alberto"]
[Result "0-1"]
[WhiteElo "1873"]
[BlackElo "1863"]
[PlyCount "32"]
[EventDate "2017.08.22"]
[EventType "swiss"]
[EventRounds "9"]
[EventCountry "ESP"]

1. Nf3 f5 2. c4 Nf6 3. Nc3 e6 4. d3 d6 5. b3 e5 6. e4 Be7 7. Be2 O-O 8. O-O Nc6
9. Bb2 Qe8 10. Nd5 Bd8 11. Re1 fxe4 12. Nxf6+ Bxf6 13. dxe4 Qg6 14. Bf1 Bg4 15.
Qd3 Bxf3 16. Qxf3 Bh4 0-1

[Event "Collado Villaoba op-B 34th"]
[Site "Collado Villalba"]
[Date "2017.08.29"]
[Round "8.4"]
[White "Medrano Del Val, Julio"]
[Black "Alvarez Gonzalez, Eduardo"]
[Result "0-1"]
[WhiteElo "1823"]
[BlackElo "1761"]
[PlyCount "120"]
[EventDate "2017.08.22"]
[EventType "swiss"]
[EventRounds "9"]
[EventCountry "ESP"]

1. d4 Nf6 2. Nf3 e6 3. g3 b6 4. Bg2 Bb7 5. O-O Be7 6. Re1 O-O 7. b3 d5 8. Ba3
Nbd7 9. Bxe7 Qxe7 10. a4 a6 11. Nfd2 c5 12. e3 Rac8 13. c4 cxd4 14. exd4 Rc7
15. a5 dxc4 16. Nxc4 b5 17. Ne3 Bxg2 18. Nxg2 Nd5 19. Nd2 N7f6 20. Nf1 Rfc8 21.
Nfe3 Qb4 22. Nxd5 Nxd5 23. Ne3 Nxe3 24. Rxe3 g6 25. d5 Rd8 26. Rd3 Rcd7 27. Rd4
Rxd5 28. Rxd5 Rxd5 29. Qf3 Qd2 30. Rf1 Qxa5 31. Rc1 Qd8 32. b4 Rd4 33. Qc6 Rd1+
34. Kg2 Qd5+ 35. Qxd5 Rxd5 36. Kf3 Rd4 37. Rb1 e5 38. Ke3 Rc4 39. h3 h5 40. Rb3
Kg7 41. h4 Kf6 42. Ra3 Rxb4 43. Rxa6+ Kf5 44. Rb6 Rb3+ 45. Ke2 b4 46. f3 Rb2+
47. Kd3 b3 48. Rb4 Rg2 49. g4+ hxg4 50. fxg4+ Rxg4 51. Rb7 f6 52. Rh7 b2 53.
Kc2 Rb4 54. Kb1 e4 55. h5 gxh5 56. Rxh5+ Kg4 57. Rh1 f5 58. Rg1+ Kf4 59. Rf1+
Ke5 60. Rf2 e3 0-1